| 000 | 00585nam a22001697a 4500 | ||
|---|---|---|---|
| 005 | 20250204145618.0 | ||
| 008 | 250204b |||||||| |||| 00| 0 eng d | ||
| 020 | _a9780130215994 | ||
| 050 | _aRC86.7 BLE | ||
| 100 | _aBledsoe, Bryan E. | ||
| 245 |
_aParamedic Care: Principles & Practices/ _bspecial considerations/operations _cBryan E. Bledsoe, Robert S. Porter, Richard A. Cherry |
||
| 260 |
_aUpper Saddle River, New Jersey _bPrentice Hall _c2001 |
||
| 300 |
_axl. 520p. _bill. some color _c28cm |
||
| 700 | _aPorter, Robert S. | ||
| 700 | _aCherry, Richard A. | ||
| 942 |
_2lcc _cBK _n0 |
||
| 999 |
_c3424 _d3424 |
||